Catalog

Record Details

Catalog Search



Milníky civilizace  Cover Image Book Book

Milníky civilizace / Linda Blandfordová, Peter Davidson ; [z anglického originálu ... přeložil Vladimír Pleva]

Blandford, Linda (Author). Davidson, Peter (Author).

Record details

  • ISBN: 978-80-204-2110-4
  • Physical Description: 192 s. : il. (převážně barev.), mapy, portréty ; 27 cm
  • Edition: 1. vyd.
  • Publisher: Praha : Mladá fronta, 2010

Content descriptions

Bibliography, etc. Note:
Obsahuje bibliografii a rejstřík
Subject: dějiny civilizace
světové dějiny
objevy a vynálezy
technický rozvoj
sociální pokrok
history of civilization
world history
discoveries and inventions
technical development
social progress
Genre: populárně-naučné publikace
popular works

Available copies

  • 1 of 1 copy available at Common Catalog SPOK.

Holds

  • 0 current holds with 1 total copy.
Show All Copies
Location Call Number / Copy Notes Barcode Shelving Location Status Due Date
Hospic Dobrého Pastýře PA
Tematická katagorie: Odborná - paliativní péče (PA)
2045957009506 Vrchní sestra (VRCH) Available -

Electronic resources


LDR 01989nam a2200541 a 4500
00128548
003CZ-PrJAB
00520170825084943.0
007ta
008100503s2010 xr abc e f 001 0 cze
015 . ‡acnb002104445
020 . ‡a978-80-204-2110-4 ‡q(váz.)
035 . ‡a(CZ PrNK)nkc20102104445
035 . ‡a(OCoLC)655148842
040 . ‡aBOA001 ‡bcze
0411 . ‡acze ‡heng
072 7. ‡a930.85 ‡xDějiny civilizace. Kulturní dějiny ‡2Konspekt ‡98
080 . ‡a930.85 ‡2MRF
080 . ‡a94(100) ‡2MRF
080 . ‡a001.894 ‡2MRF
080 . ‡a62:001.892 ‡2MRF
080 . ‡a316.422.42 ‡2MRF
080 . ‡a(0.062) ‡2MRF
1001 . ‡aBlandford, Linda ‡7xx0117934 ‡4aut
24510. ‡aMilníky civilizace / ‡cLinda Blandfordová, Peter Davidson ; [z anglického originálu ... přeložil Vladimír Pleva]
24630. ‡aCivilizace
250 . ‡a1. vyd.
260 . ‡aPraha : ‡bMladá fronta, ‡c2010
300 . ‡a192 s. : ‡bil. (převážně barev.), mapy, portréty ; ‡c27 cm
504 . ‡aObsahuje bibliografii a rejstřík
65007. ‡adějiny civilizace ‡7ph137927 ‡2czenas
65007. ‡asvětové dějiny ‡7ph117271 ‡2czenas
65007. ‡aobjevy a vynálezy ‡7ph123593 ‡2czenas
65007. ‡atechnický rozvoj ‡7ph126482 ‡2czenas
65007. ‡asociální pokrok ‡7ph120947 ‡2czenas
65009. ‡ahistory of civilization ‡2eczenas
65009. ‡aworld history ‡2eczenas
65009. ‡adiscoveries and inventions ‡2eczenas
65009. ‡atechnical development ‡2eczenas
65009. ‡asocial progress ‡2eczenas
655 7. ‡apopulárně-naučné publikace ‡7fd131864 ‡2czenas
655 9. ‡apopular works ‡2eczenas
7001 . ‡aDavidson, Peter ‡7xx0118346 ‡4aut
7650 . ‡tMilestones of civilizations ‡9Česky
85641. ‡uhttp://kramerius4.nkp.cz/search/handle/uuid:ecb23ba0-5032-11e7-b03f-005056827e52 ‡yDigitalizovaný dokument
85641. ‡yObsah ‡uhttp://toc.nkp.cz/NKC/201007/contents/nkc20102104445_1.pdf
910 . ‡aBNE702
998 . ‡a002104445
901 . ‡a28548 ‡b ‡c28548 ‡tbiblio

Additional Resources